Sports Quiz

Random Sports or Soccer Quiz

Gold Cup 2015 - Players with 75+ Caps Quiz Stats

 Plays Quiz not verified by Sporcle

Score 0/24 Timer 10:00
0 Plays Today
% Correct
Michael Bradley (M)
97%
DaMarcus Beasley (D)
93.9%
Clint Dempsey (F)
93.9%
Bryan Ruiz (F)
93.9%
Giovani dos Santos (F)
90.9%
Jozy Altidore (F)
87.9%
Andres Guardado (M)
81.8%
Jermaine Taylor (D)
81.8%
Kenwyne Jones (F)
75.8%
Julian de Guzman (M)
72.7%
Luis Tejada (F)
72.7%
Jaime Penedo (GK)
69.7%
% Correct
Rodolph Austin (M)
69.7%
Maynor Figueroa (D)
66.7%
Blas Perez (F)
63.6%
Francisco Javier Rodriguez (D)
60.6%
Carlos Ruiz (F)
57.6%
Luis Henriquez (D)
54.5%
Alvaro Saborio (F)
51.5%
Gabriel Gomez (M)
48.5%
Roman Torres (D)
45.5%
Oscar Boniek Garcia (M)
42.4%
Junior Diaz (D)
36.4%
Yenier Marquez (M)
30.3%

You're not logged in!

Compare scores with friends on all Sporcle quizzes.
OR
Log In

You Might Also Like...

Show Comments

Extras

Top Quizzes Today


Score Distribution

Your Account Isn't Verified!

In order to create a playlist on Sporcle, you need to verify the email address you used during registration. Go to your Sporcle Settings to finish the process.

Report this User

Report this user for behavior that violates our Community Guidelines.

Details: